000 00875cam a2200217 i 4500
005 20260121094529.0
008 250721s2022 le gr 000 0 ara d
020 _a9786144369586
082 1 4 _a341.0263
_bح د ى
100 1 _aالحديثي، أنمار صلاح عبدالرحمن
_eمؤلف.
245 1 2 _aالالتزام الدولي بحماية التنوع البيولوجي /
_cالدكتور أنمار صلاح هبد الرحمن الحديثي.
250 _aالطبعة الأولى.
264 3 1 _aبيروت :
_bمنشورات زين الحقوقية والأدبية،
_c2022.
300 _a504 صفحة.
650 1 7 _aالقانون الدولي.
650 1 7 _aالقضايا الدولية.
650 1 7 _aتشريعات البيئة.
650 1 7 _aحماية البيئة.
942 _2ddc
_cBK
999 _c144002
_d144002